Handbook of applied cryptography / (رقم التسجيلة. 38332)

تفاصيل مارك
000 -الفاتح
حقل البيانات ثابتة الطول 01481cam a2200337 a 4500
001 - رقم الضبط
رقم الضبط 2107055
003 - محدد رقم الضبط
رقم الضبط OSt
005 - وقت وتاريخ اخر تعامل مع التسجيلة
رقم الضبط 20171026173801.0
008 - عناصر البيانات ثابتة الطول - معلومات عامة
حقل البيانات ثابتة الطول 960729s1997 flua bf 001 0 eng
010 ## - رقم ضبط مكتبة الكونجرس
رقم ضبط مكتبة الكونجرس 96027609
020 ## - الرقم الدولى المعيارى للكتب
الرقم الدولى المعيارى للكتاب 0849385237 (alk. paper)
020 ## - الرقم الدولى المعيارى للكتب
الرقم الدولى المعيارى للكتاب 9780849385230
040 ## - مصدر الفهرسة
وكالة الفهرسة الأصلية DLC
وكالة النسخ DLC
وكالة التعديل DLC
050 00 - رقم طلب مكتبة الكونجرس
رقم التصنيف QA76.9.A25
رقم المادة M463 1997
082 00 - رقم تصنيف ديوى العشرى
رقم التصنيف 005.82
رقم الطبعة 22
رقم المادة MAH
100 1# - المدخل الرئيسى - إسم شخصى
الإسم الشخصى Menezes, A. J.
الشكل الأكمل للاسم (Alfred J.),
التواريخ المصاحبة للاسم 1965-
9 (RLIN) 51879
245 10 - بيان العنوان
العنوان Handbook of applied cryptography /
بيان المسئوليه,etc Alfred J. Menezes, Paul C. van Oorschot, Scott A. Vanstone.
246 30 - العنوان الموازى
عنوان صحيح/عنوان مختصر Applied cryptography
260 ## - PUBLICATION, DISTRIBUTION, ETC. (IMPRINT)
مكان الناشر او الموزع Boca Raton :
اسم الناشر او الموزع CRC Press,
تاريخ النشر أو التوزيع c1997.
300 ## - الوصف المادى
التعداد xxviii, 780 p. :
تفاصيل ماديه اخرى للوعاء ill. ;
أبعاد الوعاء 26 cm.
440 #0 - بيان السلسلة/مدخل إضافى-العنوان
العنوان CRC Press series on discrete mathematics and its applications
9 (RLIN) 40137
504 ## - تبصرة ببليوجرافية
تبصرة ببليوجرافية,الخ Includes bibliographical references (p. 703-754) and index.
650 #0 - المدخل الاضافى بالموضوع-مصطلح موضوعى
مصطلح موضوعي أو اسم جغرافي كعنصر مدخل Computers
التقسيم الفرعي العام Access control
-- Handbooks, manuals, etc.
9 (RLIN) 51880
650 #0 - المدخل الاضافى بالموضوع-مصطلح موضوعى
مصطلح موضوعي أو اسم جغرافي كعنصر مدخل Cryptography
التقسيم الفرعي العام Handbooks, manuals, etc.
9 (RLIN) 51881
700 1# - المدخل الاضافى - اسم شخصى
الإسم الشخصى Van Oorschot, Paul C.
9 (RLIN) 51882
700 1# - المدخل الاضافى - اسم شخصى
الإسم الشخصى Vanstone, Scott A.
9 (RLIN) 51883
856 42 - الوصول و الموقع الالكترونى
مواد محددة Publisher description
معرف المصدر الموحد <a href="http://www.loc.gov/catdir/enhancements/fy0738/96027609-d.html">http://www.loc.gov/catdir/enhancements/fy0738/96027609-d.html</a>
906 ## - عنصر بيانات محلى F, LDF (RLIN)
a 7
b cbc
c orignew
d 1
e ocip
f 19
g y-gencatlg
942 ## - عناصر المدخل الإضافي( كوها)
مصدر التصنيف او مخطط الترفيف Dewey Decimal Classification
Koha [default] item type كتاب
المقتنيات
حالة الفقد نموذج السعر الفعال حالة تلف ليس للاعارة رقم الطلب تاريخ الاكتساب الموقع الحالي الباركود الفرع الرئيسي Date last seen نوع المادة فى نظام كوها مصدر التصنيف او خطة الترفيف Total Checkouts
  2015-10-11     005.82 MAH 2015-10-11 المكتبة المركزية بالمجمعة (CL) 00653833 المكتبة المركزية بالمجمعة (CL) 2015-10-11 كتاب Dewey Decimal Classification  
  2015-10-11     005.82 MAH 2015-10-11 المكتبة المركزية بالمجمعة (CL) 00653834 المكتبة المركزية بالمجمعة (CL) 2015-10-11 كتاب Dewey Decimal Classification  
  2015-10-11     005.82 MAH 2015-10-11 المكتبة المركزية بالمجمعة (CL) 00653835 المكتبة المركزية بالمجمعة (CL) 2015-10-11 كتاب Dewey Decimal Classification